Fundamentals of Database Systems

Na minha lista:
Detalhes bibliográficos
Autor principal: Elmasri, Ramez
Outros Autores: Navathe, Shamkant B.
Formato: Livro
Idioma:inglês
Publicado em: Redwood City Benjamin/Cummings Pub. Co. 1989
Edição:1. ed.
Tags: Adicionar Tag
Sem tags, seja o primeiro a adicionar uma tag!

MARC

LEADER 00000nam a2200000 4500
001 c028357
005 20221215113825.4
041 0 |a eng 
044 |a US 
245 1 0 |a Fundamentals of Database Systems  |c Ramez Elmasri, Shamkant B. Navathe 
250 |a 1. ed. 
264 1 |a Redwood City  |b Benjamin/Cummings Pub. Co.  |c 1989 
300 |a 802 s. 
100 1 |a Elmasri, Ramez 
700 1 |a Navathe, Shamkant B.